| 000 | 00338nam a2200133Ia 4500 | ||
|---|---|---|---|
| 005 | 20251222143300.0 | ||
| 008 | 251222s9999||||xx |||||||||||||| ||spa|| | ||
| 020 | _a968-16-1086-5 | ||
| 082 | _a330.901/F52 | ||
| 100 | _aFinley, Moses I. | ||
| 245 | 0 | _aLa EconomÃa de la Antiguedad | |
| 264 | _bFondo de Cultura Económica | ||
| 942 | _cLIB | ||
| 999 |
_c15314 _d15314 |
||